000 00780nam a22002177a 4500
005 20150304155335.0
010 _aBAC-EN21 ENG-111963
020 _a9788170948957
_c395.00
035 _aEN-95495
035 _aB-581245-267
037 _adpl
_bPragati/ven
037 _bDBAD/PUB
082 _a332.024
100 _aThomas, Guy
245 _aInvest & grow rich :
_bhow 12 individual investors made millions in the stock market /
_cby Guy Thomas
260 _aNew Delhi
_bVision Books
_c2013
270 _a24 Feroze Gandhi Road, Lajpat Nagar 3
_bNew Delhi
_e110024
300 _a272p. :
_c22cm(pbk)
_bill.
942 _2ddc
_cEN
_mTHO
_h332.024
999 _c89640
_d89640